Brzeski, Jan. Katalog druków zwartych drugiego obiegu wydawniczego 1976 - 1990 ze zbiorów Biblioteki Jagiellońskiej. - Kraków : Biblioteka Jagiellońska [u.a.]. - 2001 [Rezension]
| Titel: | Brzeski, Jan. Katalog druków zwartych drugiego obiegu wydawniczego 1976 - 1990 ze zbiorów Biblioteki Jagiellońskiej. - Kraków : Biblioteka Jagiellońska [u.a.]. - 2001 [Rezension] |
|---|---|
| Verfasser: | |
| In: |
Karta. [Polnische Ausgabe], Heft 35 (2002), Seite 148 alle Artikel anzeigen |
| Veröffentlicht: | 2002 |
| Format: | Aufsatz |
| Sprache: | Polnisch |
X
alg: 39527704
001A $01999:12-11-16
001B $01999:09-08-21 $t22:54:25.000
001D $01999:12-11-16
001U $0utf8
001X $00
002@ $0Aox
003@ $0395277043
007A $0395277043 $aHEB
007T $0Herdk26094
010@ $apol
011@ $a2002
021A $aBrzeski, Jan. Katalog druków zwartych drugiego obiegu wydawniczego 1976 - 1990 ze zbiorów Biblioteki Jagiellońskiej. - Kraków : Biblioteka Jagiellońska {[u.a.]. - 2001 [Rezension]
028A $aOpaska $dJanusz
031A $e35 $h148 $j2002
039B $aIn $8--Abvc--. Karta. [Polnische Ausgabe]. - Warszawa : Fundacja KARTA, 1981-. - ISSN 0867-3764 $x200200000000035852 $9048657948
039T $8--Aau--Brzeski, Jan [Tnx]. Katalog druków zwartych drugiego obiegu wydawniczego 1976 - 1990 ze zbiorów Biblioteki Jagiellońskiej. - Kraków : Biblioteka Jagiellońska {[u.a.], 2001. - 469 S. - ISBN 83-7188-470-2 $9118935690
045F $a900.9438 $eDDC23BSB
045F/01 $a900
045F/03 $g438
045T $aOST $qDE-12 $2FID
045T $a7,41
lok: 39527704 78
exp: 39527704 78 1 #EPN
201B/01 $018-11-16 $t14:22:10.000
201U/01 $0utf8
203@/01 $079161557X
208@/01 $a12-11-16 $be
209A/01 $a/ $f000 $x00
220C/01 $aTitelaufnehmer: pbb
220C/01 $aHerkunft: IH PAN/PBB Kraków
244Z/01 $2Trx $#Poola $#Lenkija $#Polija $#Polen Land $#Poland $#Lengyelország $#Poľsko $#Polsko $8--Trx--Polska$gkraj $x01 $9391345966
244Z/01 $2Trx $#arvustused $#recenzijos $#Reviews $#recenziók $#recenzje $#recenzie $#recenze $8--Trx--Rezensionen $x02 $9391357441
247C/01 $82080>Marburg/Lahn, Herder-Institut, Forschungsbibliothek, Bibliographieportal $9336309341
| LEADER | 00000caa a22000002c 4500 | ||
|---|---|---|---|
| 001 | 395277043 | ||
| 003 | DE-603 | ||
| 005 | 20210809225425.0 | ||
| 007 | tu | ||
| 008 | 161112s2002 xx |||| | u00||u|pol c | ||
| 035 | |a (DE-599)HEB395277043 | ||
| 040 | |a DE-603 |b ger |c DE-603 |d DE-603 | ||
| 041 | |a pol | ||
| 082 | 0 | 4 | |8 1\u |a 900.9438 |q DE-101 |2 23/BSB |
| 084 | |a OST |q DE-12 |2 fid | ||
| 084 | |a 7,41 |2 ssgn | ||
| 085 | |8 1\u |b 900 | ||
| 085 | |8 1\u |z 2 |s 438 | ||
| 100 | 1 | |a Opaska, Janusz | |
| 245 | 0 | 0 | |a Brzeski, Jan. Katalog druków zwartych drugiego obiegu wydawniczego 1976 - 1990 ze zbiorów Biblioteki Jagiellońskiej. - Kraków : Biblioteka Jagiellońska [u.a.]. - 2001 [Rezension] |
| 264 | 0 | |c 2002 | |
| 773 | 0 | 8 | |i In |t Karta. [Polnische Ausgabe] |d Warszawa : Fundacja KARTA, 1981- |x 0867-3764 |g Heft 35 (2002), Seite 148 |w (DE-603)048657948 |w (DE-600)1224572-0 |
| 787 | 0 | 8 | |i Rezension von |a Brzeski, Jan |t Katalog druków zwartych drugiego obiegu wydawniczego 1976 - 1990 ze zbiorów Biblioteki Jagiellońskiej |d Kraków : Biblioteka Jagiellońska [u.a.], 2001 |h 469 S |z 8371884702 |w (DE-603)118935690 |
| 924 | 0 | |9 2080 |a (DE-603)79161557X |b DE-2080 |c HES |d d |g / | |


